K podmínkám systémových a strukturálních změn. Některé otázky sociální transformace. 2.

Hodnotenie výskumu hospodárskej a sociálnej politiky vo vyspelých krajinách. Ekonomická transformácia a praktické kroky ekonomickej a sociálnej reformy od r. 1989. Niektoré aspekty sociálneho vývoja a sociálnej politiky v Česko-Slovensku v uplynulých desaťročiach. Transformácia nevýkonného sociálneh...

Descrizione completa

Salvato in:
Dettagli Bibliografici
Autore principale: Kalinová, Lenka
Natura: Capitolo di libro
Lingua:ceco
Soggetti:
Tags: Aggiungi Tag
Nessun Tag, puoi essere il primo ad aggiungerne!!

MARC

LEADER 00000naa a2200000 4500
001 r011875
005 20220826092620.5
041 0 |a cze 
044 |a CZ 
245 1 0 |a K podmínkám systémových a strukturálních změn.  |b Některé otázky sociální transformace. 2.  |c Lenka Kalinová 
520 |a Hodnotenie výskumu hospodárskej a sociálnej politiky vo vyspelých krajinách. Ekonomická transformácia a praktické kroky ekonomickej a sociálnej reformy od r. 1989. Niektoré aspekty sociálneho vývoja a sociálnej politiky v Česko-Slovensku v uplynulých desaťročiach. Transformácia nevýkonného sociálneho systému. Potreba humánneho hospodárskeho zriadenia. 
610 2 0 |a politika sociálna 
610 2 0 |a politika hospodárska 
610 2 0 |a reformy hospodárske 
610 2 0 |a ČSFR 
610 2 0 |a 1989-1992 
610 2 0 |a reformy sociálne 
610 2 0 |a transformácia 
100 1 |a Kalinová, Lenka